CorelDRAW! Praktická príručka

Gespeichert in:
Bibliographische Detailangaben
1. Verfasser: Lovas, Tibor
Weitere Verfasser: Pacúch, Peter
Format: Buch
Sprache:Slowakisch
Veröffentlicht: Praha Grada 1992
Ausgabe:1. vyd.
Schriftenreihe:Nestůjte za dveřmi
Schlagworte:
Tags: Tag hinzufügen
Keine Tags, Fügen Sie das erste Tag hinzu!

MARC

LEADER 00000nam a2200000 4500
001 c004981
005 20221206083015.2
020 |a 80-85424-57-6 
041 0 |a slo 
044 |a CZ 
245 1 0 |a CorelDRAW!  |b Praktická príručka  |c Tibor Lovas, Peter Pacúch 
250 |a 1. vyd. 
264 1 |a Praha  |b Grada  |c 1992 
300 |a 216 s. 
490 1 |a Nestůjte za dveřmi 
830 0 |a Nestůjte za dveřmi 
610 2 0 |a CorelDRAW 
610 2 0 |a programy používateľské 
610 2 0 |a grafika počítačová 
100 1 |a Lovas, Tibor 
700 1 |a Pacúch, Peter